000 00697nam a2200289Ia 4500
005 20260324150624.0
008 008 260324s9999 xx 000 0 eng d
020 _a9781315103099
037 _aEBOOK
040 _aCRL
040 _beng
040 _cCRL
041 _2eng
041 _aeng
084 _qCRL
100 _aRalph Turvey
_9999079
245 4 _aThe Economics of Real Property
245 3 _bAn Analysis of Property Values and Patterns of Use
260 _bTaylor and Francis
260 _c1957
365 _a
365 _b170
856 _uhttp://www.taylorfrancis.com/books/9781315103099
942 _cEBOOK
999 _c1836827
_d1836827